Fortalece tus huesos y articulaciones / (Record no. 23021)

000 -CABECERA
fixed length control field 01206nam a22002537i 4500
003 - IDENTIFICADOR DEL NÚMERO DE CONTROL
control field AR-CdUCM
008 - DATOS DE LONGITUD FIJA--INFORMACIÓN GENERAL
fixed length control field 240909b20192019spa||||| |||| 00| 0 spa d
020 ## - NÚMERO INTERNACIONAL ESTÁNDAR DEL LIBRO
ISBN 978-84-9118-172-9
040 ## - FUENTE DE LA CATALOGACIÓN
Agencia/entidad que catalogó originalmente la obra MUNICIPALIDAD PROVINCIAL DEL CUSCO
Entidad que transcribió la catalogación BIBLIOTECA MUNICIPAL DEL CUSCO
082 ## - NÚMERO DE LA CLASIFICACIÓN DECIMAL DEWEY
No. de la edición Primera edición
No. de Clasificación 616.7 / S42
Notacion interna S42
100 ## - ENTRADA PRINCIPAL--NOMBRE DE PERSONA
Nombre Personal Serra, Jaume
245 ## - MENCIÓN DE TÍTULO
Título Fortalece tus huesos y articulaciones /
260 ## - PUBLICACIÓN, DISTRIBUCIÓN, ETC.
Lugar de publicación, distribución, etc. Barcelona :
Nombre de la editorial, distribuidor, etc. RBA Libros, S. A.
Fecha de publicación, distribución, etc. 2019
300 ## - DESCRIPCIÓN FÍSICA
Nº de Páginas Extensión 111 páginas. :
Dimensiones 22 cm.
500 ## - NOTA GENERAL
Bibliografía Bibliografía: páginas 109-111
505 ## - NOTA DE CONTENIDO CON FORMATO
Nota de contenido formateada Anatomía de una articulación -- Factores que intervienen en las enfermedades articulares inflamatorias -- Componentes alimentarios relacionados con los factores que intervine en las enfermedades osteoarticulares inflamatorias -- Enfermedades articulares de tipo inflamatorio -- La osteoporosis involutiva -- La actividad física en las enfermedades articulares y óseos -- Menús saludables
650 ## - PUNTO DE ACCESO ADICIONAL DE MATERIA--TÉRMINO DE MATERIA
Descriptor Procesos inflamatorios
9 (RLIN) 50297
650 ## - PUNTO DE ACCESO ADICIONAL DE MATERIA--TÉRMINO DE MATERIA
Descriptor Enfermedades articulares
9 (RLIN) 50298
650 ## - PUNTO DE ACCESO ADICIONAL DE MATERIA--TÉRMINO DE MATERIA
Descriptor Enfermedades inflamatorios
9 (RLIN) 50299
650 ## - PUNTO DE ACCESO ADICIONAL DE MATERIA--TÉRMINO DE MATERIA
Descriptor Estrés oxidativo
9 (RLIN) 50300
942 ## - ELEMENTOS DE PUNTO DE ACCESO ADICIONAL (KOHA)
Fuente de clasificación
Tipo de item Libros-BMC
945 ## - PROCESAMIENTO DE INFORMACIÓN LOCAL (OCLC)
Catalogador pbj
AAAA-MM-DD - Fecha de ingreso o modificacion 2024-09-09
Holdings
Estado de retiro (separado) Fuente de clasificación o esquema de estanterías Estado dañado Ubicación Sala donde se ubica Nombre de la colección Fecha de adquisición o compra Fuente de adquisición Costo, precio normal en soles Signatura topográfica Código de Barras Última vez visto (Koha) Tipo de ítem (Koha)
No     Sala Ciencias Sala Ciencias Book Cart 2024-09-09 Donación 20.00 616.7 / S42 SC0000002382 2024-09-09 Libros-BMC

Powered by Koha